| 000 | 00548nam a22001817a 4500 | ||
|---|---|---|---|
| 999 |
_c186190 _d186190 |
||
| 005 | 20220216112715.0 | ||
| 010 | _aENG-131621 | ||
| 020 |
_a9788190995078 _c495.00 |
||
| 035 | _aEN-115153 | ||
| 037 | _bDBAD | ||
| 082 | _a294.42 | ||
| 100 | _aSen, Amulyachandra | ||
| 245 |
_aSchools And Sects In Jaina Literature/ _cAmulyachandra Sen |
||
| 260 |
_aNew Delhi _bVikram Jain _c2020 |
||
| 270 |
_a68 Medical Association Road, Darya Ganj _bNew Delhi _e110002 |
||
| 300 |
_a268p. _bIndex _c22cm(hbk) |
||
| 942 |
_2ddc _cEN _h294.42 _mSEN |
||